000 01565nam a22004817a 4500
001 18414179
003 OSt
005 20241110155425.0
008 141222s2015 enk b 001 0 eng
010 _a 2014049390
020 _a9781118609163
035 _a(DNLM)101648645
040 _aDNLM/DLC
_cDLC
_erda
041 _aeng
042 _apcc
050 0 0 _aRC584
060 1 0 _aWD 300
080 _a616-097
_bS-19
082 0 0 _a616.97
_223
100 _9266
_aSampson, A. Hugh
_eEditor
245 0 0 _aAllergy and Clinical Immunology (Mount Sinai Expert Guides)
_cedited by Hugh A. Sampson.
246 1 _aAllergy & clinical immunology
260 _aChichester, West Sussex ;
_bJohn Wiley & Sons Inc.,
_c2015
264 1 _aHoboken, NJ :
300 _a462 p.
_cill
336 _atext
_2rdacontent
337 _aunmediated
_2rdamedia
338 _avolume
_2rdacarrier
365 _b74.29 usd
504 _aIncludes bibliographical references and index.
650 1 2 _aHypersensitivity.
650 2 2 _aAllergens.
650 2 2 _aImmune System Diseases.
650 2 2 _aImmune System Phenomena.
650 2 0 _aImmunology
_978
653 _aიმუნოლოგია
653 _aიმუნური სისტემა
653 _aალერგია
700 1 _aSampson, Hugh A.,
_eeditor.
776 0 8 _iOnline version:
_tMount Sinai expert guides.
_dChichester, West Sussex ; Hoboken, NJ : John Wiley & Sons Inc., 2015
_z9781118609149
_w(DLC) 2014049899
906 _a7
_bcbc
_corignew
_d1
_eecip
_f20
_gy-gencatlg
942 _2udc
_cBK
999 _c378
_d378